000 00423 a2200133 4500
005 20250716094439.0
020 _a978-9976-78-092-5
082 _a657.13 NBA
111 _aNational Board of Accountants and Auditors
245 _aAccounting for Public Sector and Cooperatives TO8
260 _aDar Es Salaam
_bNational Boards of Accountants and Auditors
_c2019
300 _ax,368p.:ill.;tables
_bIndex
_c29cm
942 _2ddc
_cBKS
999 _c3552
_d3552